Ressources renouvelables d'eau douce par habitant - Statistiques

Statistiques générales
  • Ce quiz a été pris 9 fois
  • Le résultat moyen est 8 sur 29
Statistiques - réponses
Ressource d'eau
intérieure
Pays % Correct
De 0 à 50 m3 Koweït | Bahreïn | Egypte | Emirats Arabes Unis | Qatar
89%
De 51 à 100 m3 Maldives | Jordanie | Yémen | Arabie Saoudite | Israël | Mauritanie | Soudan | Malte
56%
De 251 à 450 m3 Algérie | Djibouti | Barbades | Oman | Syrie | Tunisie | Somalie | Kenya
44%
De 101 à 250 m3 Libye | Singapour | Niger | Turkménistan | Pakistan
44%
De 70001 à 100000 m3 Norvège | Gabon | Canada | Papouasie-Nouvelle-Guinée
44%
De 851 à 1050 m3 Ouganda | Tchad | Ghana | Botswana | Saint-Vincent-et-les-Grenadines | Danemark | Inde | Belgique | Ethiopie
44%
De 1651 à 2000 m3 Sainte-Lucie | Bahamas | Chine
44%
De 2501 à 3000 m3 Trinité-et-Tobago | Corée-du-nord | Macédoine | Turquie | Dominique | Mali | Côte d'ivoire | France
44%
De 1251 à 1450 m3 Corée-du-Sud | Allemagne | Tanzanie | Togo | Pologne
33%
De 7501 à 9000 m3 Guinée Bissau | Etats-Unis | Slovénie | Lettonie | Honduras
33%
De 1451 à 1650 m3 Iran | Comores | Sénégal | Luxembourg | Grenade
33%
De 26001 à 30000 m3 Laos | Centrafrique | Brésil | Uruguay | Venezuela | Russie
33%
De 1051 à 1250 m3 Nigeria | Haïti | Gambie | Afghanistan | Serbie | Tchéquie | Ukraine
33%
De 451 à 650 m3 Ouzbékistan | Saint-Christophe-et-Niévès | Cap vert | Antiqua-et-Barbuda | Burkina Faso | Moldavie | Hongrie | Bangladesh | Chypre | Pays-Bas
33%
De 651 à 850 m3 Rwanda | Afrique-du-Sud | Zimbabwe | Erythrée | Maroc | Azerbaïdjan | Nauri | Bénin | Burundi | Irak | Malawi | Liban
33%
De 4001 à 5000 m3 Andorre | Zambie | Philippines | Angola | Suisse
22%
Plus de 100000 m3 Bhoutan | Surinam | Guyana | Islande
22%
De 2001 à 2250 m3 République Dominicaine | Royaume-Uni | Maurice | Roumanie | Eswatini
22%
De 2251 à 2500 m3 Slovaquie | Lesotho | Espagne | Sri Lanka | Arménie | Soudan-du-sud | Namibie | Salvador
22%
De 3001 à 3250 m3 Bulgarie | Italie | Thaïlande | Mozambique | Mexique
11%
De 40001 à 70000 m3 Colombie | Chili | Pérou | Nouvelle-Zélande | Salomon
11%
De 3251 à 4000 m3 Cuba | Japon | Kazakhstan | Biélorussie | Portugal | Vietnam | Jamaïque
11%
De 30001 à 40000 m3 Fidji | Panama | Vanuatu | Belize | Congo | Belize
11%
De 12001 à 20000 m3 Géorgie | Guinée équatoriale | Suède | Malaisie | Paraguay | Birmanie | Australie | Bruneï | Finlande | Sierra Leone
11%
De 6501 à 7500 m3 Tadjikistan | Népal | Cambodge | Indonésie | Kirghizistan
11%
De 10001 à 12000 m3 Cameroun | Mongolie | Bosnie-Herzégovine | Madagascar
0%
De 20001 à 26000 m3 Costa Rica | Nicaragua | Equateur | Bolivie
0%
De 9001 à 10000 m3 Croatie | Albanie | Estonie | RD Congo | Irlande | Sao Tomé-et-Principe
0%
De 5001 à 6500 m3 Grèce | Lituanie | Autriche | Timor oriental | Argentine | Guatemala
0%
Aucun quiz correspondant
Distribution des résultats
% des personnes avec chaque résultat
Percentile par nombre de réponses
Votre historique - résultats
Vous n’avez pas pris ce quiz